Normal view
MARC view
- Fang, Xiongfeng.
Entry Personal Name
001 - CONTROL NUMBER
- control field: 55779
003 - CONTROL NUMBER IDENTIFIER
- control field: OSt
005 - DATE AND TIME OF LATEST TRANSACTION
- control field: 20240403082055.0
008 - FIXED-LENGTH DATA ELEMENTS
- fixed length control field: 240403|| aca||aabn | a|a d
040 ## - CATALOGING SOURCE
- Original cataloging agency: OSt
- Transcribing agency: OSt
100 ## - HEADING--PERSONAL NAME
- Personal name: Fang, Xiongfeng.
- Relator term: author.
670 ## - SOURCE DATA FOUND
- Source citation: Work cat.: (OSt): Fang, Xiongfeng. author., An auxiliary circuit enhancing DC fault clearing capability of hybrid MMCs with low proportion of FB-SMs /, October 2022.
